| 000 | 00657nam a22002297a 4500 | ||
|---|---|---|---|
| 003 | OSt | ||
| 005 | 20220107122811.0 | ||
| 008 | 160416b xxu||||| |||| 00| 0 eng d | ||
| 020 | _a9780849375262 | ||
| 040 | _cIIITMK | ||
| 082 | _a910.285 PIE/G | ||
| 100 |
_aPierce, Francis J. _98917 |
||
| 245 |
_aGIS applications in agriculture _cFrancis J. Pierce et. al. (Ed.) |
||
| 260 |
_aBoca Raton, _bCRC Press, _c2007. |
||
| 300 | _a203p. | ||
| 440 |
_aGIS applications in agriculture series _99069 |
||
| 650 |
_aGEOGRAPHIC INFORMATION SYSTEMS _98918 |
||
| 650 |
_aGIS _98919 |
||
| 650 |
_aAGRICULTURE _98920 |
||
| 700 |
_aClay, David _98921 |
||
| 942 |
_2ddc _cBK |
||
| 999 |
_c5073 _d5073 |
||